THE ADVENTURES OF HUCKLEBERRY FINN (Record no. 2869)
[ view plain ]
| 000 -LEADER | |
|---|---|
| fixed length control field | 00476nam a22001577a 4500 |
| 020 ## - INTERNATIONAL STANDARD BOOK NUMBER | |
| ISBN | 81-21*-2380-8 |
| 082 ## - DEWEY DECIMAL CLASSIFICATION NUMBER | |
| Classification number | 823 |
| Item number | TWA/A |
| 100 ## - MAIN ENTRY--AUTHOR NAME | |
| Personal name | TWAIN, MARK |
| 245 ## - TITLE STATEMENT | |
| Title | THE ADVENTURES OF HUCKLEBERRY FINN |
| Remainder of title | GREAT STORIES IN EASY ENGLISH |
| 246 ## - VARYING FORM OF TITLE | |
| Title proper/short title | THE ADVENTURES OF HUCKLEBERRY FINN |
| Remainder of title | GREAT STORIES IN EASY ENGLISH |
| 260 ## - PUBLICATION, DISTRIBUTION, ETC. (IMPRINT) | |
| Place of publication | DELHI |
| Name of publisher | S CHAND & CO. DELHI |
| 300 ## - PHYSICAL DESCRIPTION | |
| Number of Pages | 154 |
| 520 ## - SUMMARY, ETC. | |
| Summary, etc | GREAT STORIES IN EASY ENGLISH |
| 650 ## - SUBJECT ADDED ENTRY--TOPICAL TERM | |
| Topical Term | GREAT STORIES IN EASY ENGLISH |
| 942 ## - ADDED ENTRY ELEMENTS (KOHA) | |
| Koha item type | Books |
| Withdrawn status | Lost status | Collection code | Home library | Current library | Shelving location | Date acquired | Source of acquisition | Cost, normal purchase price | Full call number | Accession Number | Koha item type |
|---|---|---|---|---|---|---|---|---|---|---|---|
| Fiction | Main Library | Main Library | SHELF 4-F ENGLISH CLASSICS | 07/11/2023 | CONTRIBUTION | 80.00 | 823 TWA/A | 06488 | Books |